000 00481nam a2200181Ia 4500
003 OSt
005 20250117143426.0
008 210210b1956 xxu||||| |||| 00| 0 eng d
040 _cAL
041 _akan
082 _a859/93
100 _aKRASHNARAYA (A N)
_9148268
_dಕೃಷ್ಣರಾಯ (ಅ ನ ಕೃ).
245 _aGAjina mane:
_bಗಾಜಿನ ಮನೆ
260 _aBengaluru
_b-
_c1956
690 _aKannada Fiction
_9148269
906 _a020875
942 _2ddc
_cBK
999 _c145032
_d145032